| 000 | 00607nam a2200241Ia 4500 | ||
|---|---|---|---|
| 005 | 20250425162325.0 | ||
| 008 | 250425s9999 xx 000 0 und d | ||
| 020 | _a9978340076 | ||
| 041 | _aspa | ||
| 043 | _aec | ||
| 082 | _a860 | ||
| 100 | _aBENITES VINUEZA, LEOPOLDO | ||
| 245 | 0 | _aPENSAMIENTO CRITICO | |
| 250 | _a1A ED. | ||
| 260 |
_aEcuador _bUNIVERSIDAD ALFREDO PÈREZ GUERRERO _c2006 |
||
| 260 | _aQUITO | ||
| 300 | _a193 | ||
| 500 | _aCOLECCION EDUCACION Y LIBERTAD, TOMO VI | ||
| 650 | _aLITERATURA ECUATORIANA | ||
| 650 | _aPENSAMIENTO CRITICO | ||
| 942 | _c01 | ||
| 010 | _a62264 | ||
| 999 |
_c226889 _d226889 |
||